000 00413nam a2200181Ia 4500
001 11553
005 20260306162836.0
008 260306t1983||||xx |||||||||||||| ||spa||
041 _aESP
082 _a985.08
_bB38
100 _aBelaunde, Víctor Andrés
_eAUT
245 0 _aPeruanidad
260 _c1983
300 _a557 páginas :
_c21cm.
650 _aGEN
654 _aCHU
942 _cLIB
_dJUS
_fJUS
_2ddc
_n
999 _c11553
_d11553